000 00331 a2200145 4500
001 170132
020 _a
040 _cMagnum
100 _aMoraes, Antonio Carlos Robert
240 1 0 _aMeio ambiente e ciencias humanas
_lpor
245 1 0 _aMeio ambiente e ciencias humanas
362 0 _a1899
697 _aECOLOGIA
942 _cBK
999 _c170132
_d170132